Teaching English pronunciation
Đã lưu trong:
| Hovedforfatter: | |
|---|---|
| Format: | Bog |
| Sprog: | English |
| Udgivet: |
New York
Longman pub.
1987
|
| Serier: | Longman handbooks for language teacher
|
| Fag: | |
| Tags: |
Tilføj Tag
Ingen Tags, Vær først til at tagge denne postø!
|
| Thư viện lưu trữ: | Trung tâm Học liệu Lê Vũ Hùng, Trường Đại học Đồng Tháp |
|---|
| LEADER | 00770pam a22002418a 4500 | ||
|---|---|---|---|
| 001 | 00023901 | ||
| 005 | 20210310100344.0 | ||
| 008 | 110702s1987 ||||||engsd | ||
| 020 | # | # | |a 0582746213 |
| 041 | 0 | # | |a eng |
| 082 | 1 | 4 | |a 428 |b T200A |
| 100 | 1 | # | |a Kenworthy, Joanne |
| 245 | 1 | 0 | |a Teaching English pronunciation |c Joanne Kenworthy |
| 260 | # | # | |a New York |b Longman pub. |c 1987 |
| 300 | # | # | |a xi, 164 p. |c 25 cm. |
| 490 | # | # | |a Longman handbooks for language teacher |
| 650 | # | 4 | |a Phát âm tiếng anh |
| 650 | # | 4 | |a Phương pháp giảng dạy |
| 650 | # | 4 | |a english pronunciation |
| 852 | # | # | |b Kho đọc |j KD.0008963 |
| 852 | # | # | |j KD.0008963 |
| 910 | 0 | # | |a Ntuyet |d 02/07/2011 |
| 980 | # | # | |a Trung tâm Học liệu Lê Vũ Hùng, Trường Đại học Đồng Tháp |


